000 00536nam a22001931a 4500
001 1633
003 OSt
005 20260204211741.0
008 040120s1977||||dr ||||||b||||||||||spa||
050 _aRD 591.02 R856e
082 _aRD 591.02 R856e
100 _aRuiz Martinez, Alfonso
245 _aEnfermedades de los animales domésticos en Republica Dominicana / Alfonso Ruíz Martínez
264 _aSanto Domingo : Pidagro
300 _a357 p
500 _aIncluye glosario.
650 _a1.Patología AnimalÌ
942 _2ddc
_cBK
999 _c1633
_d1633